000
00320nam a22001337a 4500
008
181122b xxu||||| |||| 00| 0 eng d
020
_a
9780827358393
041
_a
eng
080
_2
12 TH
_a
821
100
_a
45
101
_a
ARK
245
_a
The Illustrated Autocad Quik Reference
_c
Raphl.G
942
_2
udc
_c
BK
999
_c
52392
_d
52392